=LDR 00000nam 2200000 4500 =001 INLIS000000000002133 =005 20130612090508 =008 ***********************************Ind** =035 ##$$0010-061300000002133 =041 ##$$a Ind =082 ##$$a 726.109 598 =090 ##$$a 726.109 598 , Sut a =100 ##$$a Sutarno, R =245 ##$$a Aneka candi kuno di Indonesia =260 ##$$a 1991 $b Semarang =300 ##$$a 167 hlm , ilus , 21 cm =650 ##$$a Candi - Indonesia =850 ##$$a NBPNMAT